Statistics for Makeup by Picture

Click here to take the quiz!

General Stats

  • This quiz has been taken 224 times
    (205 since last reset)
  • The average score is 13 of 20

Answer Stats

Answer% Correct
Mascara
98%
Blush
95%
Lipstick
95%
Brush
93%
Eyeshadow
89%
Nail polish
86%
EyeLiner
84%
Foundation
81%
Bronzer
80%
Concealer
79%
Micellar water
79%
Eyelash curler
77%
Highlighter
71%
Lip liner
61%
Beauty blender
57%
Green concealer
45%
Gloss
37%
Eyebrow brush
19%
Translucent powder
8%
Fixative spray
3%

Score Distribution

Percentile by Number Answered

Percent of People with Each Score

Your Score History

You have not taken this quiz since the last reset